000 01796nam a2200289Ia 4500
999 _c55208
_d55208
001 22283
003 GE_BSU
005 20230224122003.0
008 181216s2011||||ge |||||||||||||| ||geo||
020 _a9789941401947
040 _cGE_BSU
041 _ageo
080 _a821.14'01.09-394 ც-19
100 _aცანავა, რუსუდან
_913931
245 _aოდისეას" სახეები და ნიღბები /
_cრუსუდან ცანავა ; რედაქტორი რისმაგ გორდეზიანი.
264 _aთბილისი :
_bლოგოსი,
_c2011.
300 _a230 გვ. :
_bილ. ;
_c21 სმ.
490 _aპროგრამა "ლოგოსი"
500 _aპუბლიკაციები და ღონისძიებები კლასიკური ფილოლოგიის, ბიზანტინისტიკისა და ნეოგრეცისტიკის სფეროში
520 _aრეზიუმე ინგლისურ ენაზე
541 _h7 ლ.
653 _aლიტერატურათმცოდნეობა
653 _aოდისეას" სახეები და ნიღბები
700 _aგორდეზიანი, რისმაგ
_eრედაქტორი
_917029
710 _aივანე ჯავახიშვილის სახელობის თბილისის სახელმწელმწიფო უნივერსიტეტი
_bკლასიკური ფილოლოგიის, ბიზანტინისტიკისა და ნეოგრეცისტიკის
_917031
942 _cBK
_2udc